ՀՀ Գիտությունների ազգային ակադեմիայի հիմնարար գիտական գրադարան  =   Fundamental Scientific Library of NAS RA

Социалистическое соревнование: сочетание отраслевого и территориального аспектов / (Record no. 218264)

MARC details
000 -LEADER
fixed length control field 01181nam a2200217 u 4500
001 - CONTROL NUMBER
control field 000560537
003 - CONTROL NUMBER IDENTIFIER
control field AM-YeHGA
005 - DATE AND TIME OF LATEST TRANSACTION
control field 20250617140338.0
008 - FIXED-LENGTH DATA ELEMENTS--GENERAL INFORMATION
fixed length control field 071210s1987 ||| r 000 0 rus d
040 ## - CATALOGING SOURCE
Original cataloging agency AM-YeHGA
041 0# - LANGUAGE CODE
Language code of text/sound track or separate title rus
090 ## - LOCALLY ASSIGNED LC-TYPE CALL NUMBER (OCLC); LOCAL CALL NUMBER (RLIN)
-- 219792
245 00 - TITLE STATEMENT
Title Социалистическое соревнование: сочетание отраслевого и территориального аспектов /
Statement of responsibility, etc. В.К. Потемкин, Д.Б. Рыскин, Е.И. Алексеева и др.; Отв. ред.: В.К. Потемкин; АН СССР, Ленингр. науч. центр, Ин-т соц.-экон. проблем.
260 ## - PUBLICATION, DISTRIBUTION, ETC.
Place of publication, distribution, etc. Ленинград :
Name of publisher, distributor, etc. Наука, Ленингр. отд-ние,
Date of publication, distribution, etc. 1987.
300 ## - PHYSICAL DESCRIPTION
Extent 137 с. :
Other physical details ил.
500 ## - GENERAL NOTE
General note Авт. указаны на 4-й с.
653 0# - INDEX TERM--UNCONTROLLED
Uncontrolled term Социалистическое соревнование
700 1# - ADDED ENTRY--PERSONAL NAME
Personal name Потемкин, Валерий Константинович
710 2# - ADDED ENTRY--CORPORATE NAME
Corporate name or jurisdiction name as entry element Академия наук СССР
Subordinate unit Ленинградский научный центр
710 2# - ADDED ENTRY--CORPORATE NAME
Corporate name or jurisdiction name as entry element Институт социально-экономических проблем АН СССР
Holdings
Withdrawn status Lost status Damaged status Not for loan Collection Home library Current library Date acquired Total checkouts Full call number Barcode Date last seen Price effective from Koha item type Public note
        General Fundamental Scientific Library Fundamental Scientific Library 28/12/2016   PII/570878 FL0106684 28/12/2016 28/12/2016 Գրքեր / Books 30 Days Loan
        General Fundamental Scientific Library Fundamental Scientific Library 28/12/2016   РII/594141 FL0024282 28/12/2016 28/12/2016 Գրքեր / Books 30 Days Loan


ՀՀ ԳԱԱ հիմնարար գիտական գրադարան
ՀՀ,Երևան 0019
Մարշալ Բաղրամյան 24/6
հեռախոս:(374-10) 52-47-50
Հետադարձ կապ

All site content, except where otherwise noted, is licensed under a
Creative Commons License